Global television : (Record no. 5840)
[ view plain ]
| 000 -LEADER | |
|---|---|
| fixed length control field | 01242cam a2200241 4500 |
| 001 - CONTROL NUMBER | |
| control field | 6901 |
| 010 ## - LIBRARY OF CONGRESS CONTROL NUMBER | |
| LC control number | 96052330 |
| 020 ## - INTERNATIONAL STANDARD BOOK NUMBER | |
| International Standard Book Number | 0631201491 |
| International Standard Book Number | 0631201505 (pbk) |
| 082 00 - DEWEY DECIMAL CLASSIFICATION NUMBER | |
| Classification number | 302.23/45 |
| Edition number | 21 |
| 100 1# - MAIN ENTRY--PERSONAL NAME | |
| Personal name | Barker, Chris, |
| Dates associated with a name | 1955- |
| 245 10 - TITLE STATEMENT | |
| Title | Global television : |
| Remainder of title | an introduction / |
| Statement of responsibility, etc. | Chris Barker. |
| 260 ## - PUBLICATION, DISTRIBUTION, ETC. | |
| Place of publication, distribution, etc. | Oxford, UK ; |
| -- | Malden, Mass. : |
| Name of publisher, distributor, etc. | Blackwell Publishers, |
| Date of publication, distribution, etc. | 1997. |
| 300 ## - PHYSICAL DESCRIPTION | |
| Extent | ix, 260 p. ; |
| Dimensions | 23 cm. |
| 504 ## - BIBLIOGRAPHY, ETC. NOTE | |
| Bibliography, etc. note | Includes bibliographical references p. [231]-243) and index. |
| 505 ## - FORMATTED CONTENTS NOTE | |
| Formatted contents note | Preface and acknowledgements. Part I: The Global Institution of Television: 1. Modernity and Global Television. 2. What is Global Television? Part II: Primetime Goes Global: Programmes and Audiences: 3: Global Soaps and Global News. 4. Television and Global Audiences. 5. Television, Identity and Global Audiences. 6. The Global and the Local: Cultural Imperialism. 7. Conclusion: The Future of Global Television? Index. |
| Miscellaneous information | |
| Statement of responsibility | |
| Title | |
| 650 #0 - SUBJECT ADDED ENTRY--TOPICAL TERM | |
| Topical term or geographic name entry element | Television and politics. |
| Topical term or geographic name entry element | Television broadcasting |
| General subdivision | Economic aspects. |
| Topical term or geographic name entry element | Television broadcasting of news. |
| Topical term or geographic name entry element | Television soap operas |
| General subdivision | History and criticism. |
| Topical term or geographic name entry element | Television viewers |
| General subdivision | Psychology. |
| Withdrawn status | Lost status | Source of classification or shelving scheme | Damaged status | Not for loan | Collection code | Home library | Current library | Shelving location | Date acquired | Serial Enumeration / chronology | Inventory number | Total Checkouts | Full call number | Barcode | Date last seen | Date last checked out | Price effective from | Koha item type |
|---|---|---|---|---|---|---|---|---|---|---|---|---|---|---|---|---|---|---|
| Dewey Decimal Classification | Main TEST | RTC Library | RTC Library | Main opac | 27/11/2018 | 10725 | 1 | 302.23 BAR | 30011271 | 02/11/2023 | 25/08/2023 | 27/11/2018 | Main |